| 000 | 00461nam a2200205Ia 4500 | ||
|---|---|---|---|
| 003 | 0100 | ||
| 008 | 130303s9999 xx 000 0 und d | ||
| 040 | _cARRUPELIB | ||
| 050 | _aB2521.R63 1988 | ||
| 100 | _aRoberts, Julian | ||
| 245 | _aGerman philosophy | ||
| 245 | _ban introduction | ||
| 260 | _aNew Jersey | ||
| 260 | _bHumanities Pr. Internat. | ||
| 260 | _C1988 | ||
| 300 | _a296p. | ||
| 300 | _b 22cm | ||
| 650 | _aPHILOSOPHY | ||
| 942 | 0 | 0 | _02 |
| 999 |
_c21709 _d21709 |
||